000 00549nam a2200217Ia 4500
003 OSt
005 20220928141750.0
006 a|||||r|||| 00| 0
007 ta
008 220927b |||||||| |||| 00| 0 eng d
024 _a17533
037 _cTextual
040 _aSDCL
_cSDCL
_beng
041 _2eng
_aeng
082 _aO150j151,1:g, K2
100 _aUpadhyaya Ramji
245 0 _aSanskrit and prakrit mahakavyas.
260 _c1962
942 _hO150j151,1:g, K2
_cTEXL
_2CC
999 _c819854
_d819854